Championnats de foot nationaux ~ Click Quiz - Statistiques

Statistiques générales
  • Ce quiz a été pris 127 fois
  • Le résultat moyen est 13 sur 22
Statistiques - réponses
Hint Réponse % Correct
Ligue 1 * France
95%
Liga Espagne
93%
Serie A Italie
93%
Bundesliga Allemagne
91%
Premier League Angleterre
90%
Major League Soccer États-Unis / Canada
90%
Eredivisie Pays-Bas
90%
SüperLig Turquie
79%
Liga MX Mexique
74%
K League 1 Corée du Sud
73%
J1 League Japon
71%
Primera División * Argentine
52%
Allsvenskan Suède
42%
Ligua Portugal
41%
Eliteserien Norvège
37%
Ekstraklasa Pologne
35%
Primera Divisió Andorre
33%
Botola Pro Maroc
26%
Super League Suisse
26%
Super League Elláda Grèce
24%
Premier-Liha Ukraine
24%
Division 1A * Belgique
21%
Aucun quiz correspondant
Distribution des résultats
% des personnes avec chaque résultat
Percentile par nombre de réponses
Votre historique - résultats
Vous n’avez pas pris ce quiz